000 00883nam a2200301 a 4500
001 vtls000406169
003 NLI
005 20210603110342.0
008 110211s2004 enk 001 0 eng
020 _a0566085100 :
_cPND 75.00
039 9 _y201102112235
_zVargis_01
040 _aNLI
_beng
_cVergis_S
_eAACR2
041 0 _aeng
044 _aenk
082 0 4 _a658.812
245 1 0 _aGower handbook of call and contact centre management /
_cedited by Natalie Calvert
260 _aEngland :
_bGower,
_cc2004
300 _axxvii, 340 p. ;
_c25 cm.
500 _aGlossary : p. 318-328
500 _aIncludes index
650 0 _aSales management
_976
650 0 _aSalesmen and salesmanship
_975754
700 1 _aCalvert, Natalie
_4edt
_9566658
887 _a
901 _a551136
_b26.10.2005
902 _aE/O 658.812 G 747
942 _2ddc
_cBKS
999 _aVIRTUA
_c366366
_d366366